000 00588nam a22001937a 4500
999 _c9723
_d9723
003 GBCCL
005 20241126110717.0
008 230627b ||||| |||| 00| 0 eng d
020 _a0310209293
040 _cGBC
082 _a248.4
_bSTR
100 _aStrobel, Lee
_d1952-
_9350
245 _aGod's outrageous claims :
_bthirteen discoveries that can revolutionize your life /
_cLee Strobel
260 _aGrand Rapids :
_bZondervan publishing house,
_c1997
300 _a223p. ;
505 _aincludes bibliographical references
650 _aChristian life
_9183
942 _2ddc
_cBK
_01